000 00902nam a2200313Ia 4500
003 OSt
005 20221006160310.0
006 a|||||r|||| 00| 0
007 ta
008 221006b |||||||| |||| 00| 0 eng d
020 _a 9788976998583 (V.4)
020 _a 9788976999061 (V.5)
020 _a 9788976999078 (V.6)
020 _a9788976998576 (V.3)
_cW7,000 (each)
024 _a44,863
037 _bGift, Koren Embassy
_cTextual
040 _aEASL
_cEASL
_beng
041 _2eng
_aeng
082 _aP495, Q3.
100 _aKang Hyun hwa
_9672832
245 0 _aGyeol hon yi min ja wa ham gge ha nun hanguka
260 _aSeoul
_bHawoo Korea
_c2013
300 _a238,240,269,271p. CD - 4
_ccm.
490 _v V.3KL
500 _aAccompanying CD - 4
650 _aKL
942 _hP495, Q3.
_cTEXL
_2CC
999 _c1112955
_d1112955